| 000 | 00901cab a2200289 4500 | ||
|---|---|---|---|
| 001 | WB2831-07 | ||
| 008 | 090401t1992 xxu||||| |||| 00| 0 eng d | ||
| 035 | _a(Sirsi) u72935 | ||
| 041 | _aeng | ||
| 245 | _aRe-emergence of timber-frame? | ||
| 260 | _c1992 | ||
| 350 | _a0 | ||
| 490 |
_aDaily Telegraph _v5 August 1992, 27(1) |
||
| 520 | _aInsulation standards in new homes are to be introduced in 1993 and this could mean a greater use of timber-frame construction, which already provides greater insulation. | ||
| 650 |
_aBUILDING REGULATIONS _96224 |
||
| 650 | _aCOSTS | ||
| 650 | _aECOWALL | ||
| 650 | _aENERGY EFFICIENCY | ||
| 650 | _aNEW BUILD | ||
| 650 | _aTHERMAL INSULATION | ||
| 650 | _aTIMBER-FRAME | ||
| 650 | _aTRADA | ||
| 690 | _aBUILDING AND CONSTRUCTION-ENERGY CONSERVATION | ||
| 690 | _aBUILT ENVIRONMENT-BUILDING MATERIALS | ||
| 942 | _n0 | ||
| 948 | _c04/03/1997 | ||
| 999 |
_c46103 _d46103 |
||